| 000 | 00735nam a22001817a 4500 | ||
|---|---|---|---|
| 999 |
_c14927 _d14927 |
||
| 003 | OSt | ||
| 082 | _2631.3 RAJ/DE | ||
| 088 | _aT 247 | ||
| 100 |
_aRAJESH A.N _93673 |
||
| 245 | _aDevelopment and testing of tractor operated bed former for seed bed preparation in kaipad region | ||
| 260 |
_aTavanur 2012 _bDEPARTMENT OF FARM POWER MACHINERY AND ENERGY |
||
| 300 | _a80 | ||
| 500 | _aDevelopment and testing of tractor operated bed former for seed bed preparation in kaipad region | ||
| 520 | _aDevelopment and testing of tractor operated bed former for seed bed preparation in kaipad region | ||
| 700 |
_aDr. Jayan P.R (Guide) _93380 |
||
| 856 | _uhttps://drive.google.com/open?id=1WD2Gg2J2OB7uHNLAcsNMslHCxp1G19E8 | ||
| 942 | _cTH | ||